000 00625nas a2200229 4500
001 BR9506853
003 BR-BrBNA
005 20231205094227.0
007 ta
008 230509b bl.|||p| |||| 00| 00por d
040 _aBR-BrBNA
_bpor
_cBiblioteca Nacional de Agricultura
041 _a(Pt)
072 _aL10
100 1 _aPinheiro, M.
245 1 _aDeterminacao precoce do sexo na raca rhode island red
650 _aPinto
650 _aSexo
650 _aRaca
773 0 _tAgronomia (Brazil)
_x
_g(Jan-Jun 1951), v. 10(1-2) p. 61-63
_wBR9506853
909 _a202311
_bLúcia
_c55
_dLúcia Elande
942 _2AGRIS
_n0
_cANA
999 _c142934
_d142934